00423 2200169 4500001002100000005001500021035002000036245003800056100001200094250001700106300003200123260003500155082001000190084001600200020002200216650001500238INLIS00000000000045320240702051619 a0010-07240000081 aBeternak Sapi Pedaging /cMashudi0 aMashudi acetakan ke-1 aiv, 74 hlm :bilus ;c21 cm aJakarta :bGaneca Exact,c2006 a636.2 a636.2 MAS b a978-979-744-467-8 4aPeternakan